[Event "Berlin Werner Ott op"]
[Site "Berlin"]
[Date "2012.07.10"]
[Round "4"]
[White "Nagel, Gerhard"]
[Black "Lerch, Philipp"]
[Result "1/2-1/2"]
[WhiteElo "1939"]
[BlackElo "2092"]
[PlyCount "116"]
[EventDate "2012.07.07"]
[EventType "swiss"]
[EventRounds "9"]
[EventCountry "GER"]
[SourceTitle "CBM 149 Extra"]
[Source "ChessBase"]
[SourceDate "2012.08.24"]
[SourceVersion "1"]
[SourceVersionDate "2012.08.24"]
[SourceQuality "1"]

1. e4 c5 2. Nf3 d6 3. Bb5+ Nd7 4. 0-0 Ngf6 5. Re1 e6 6. c3 Be7 7. d4 cxd4 8. Qxd4 0-0 9. b3 a6 10. Bd3 Ng4 11. Bc2 Nge5 12. Qe3 Nxf3+ 13. Qxf3 Ne5 14. Qe2 Qc7 15. Bb2 Bf6 16. Nd2 Ng6 17. Qe3 b5 18. Rac1 Bb7 19. Bb1 d5 20. Nf3 dxe4 21. Bxe4 Bxe4 22. Qxe4 Qf4 23. Ba3 Rfc8 24. c4 bxc4 25. bxc4 Qxe4 26. Rxe4 Rab8 27. Re2 Rc6 28. g3 Rbc8 29. Rec2 h6 30. Kf1 Bg5 31. Nxg5 hxg5 32. Bb2 f6 33. Ke2 Kf7 34. Bd4 Rh8 35. Rh1 Ne7 36. f3 Nf5 37. Bf2 Nd6 38. c5 Nb5 39. a4 Nc7 40. Rb2 Nd5 41. Rb3 Rcc8 42. h4 gxh4 43. Rxh4 Rxh4 44. gxh4 Rc7 45. Kd3 Ke7 46. Kc4 Kd7 47. Bg3 Ra7 48. Rb8 Kc6 49. Rd8 Ne3+ 50. Kd3 Nf5 51. Bf2 Rd7+ 52. Rxd7 Kxd7 53. Kc4 Ne7 54. Kb4 Nc6+ 55. Kc3 Ne5 56. f4 Nc6 57. Kc4 Ke7 58. h5 Kd7 1/2-1/2

[Event "Leutersdorf Sparkasse op 15th"]
[Site "Leutersdorf"]
[Date "2011.02.20"]
[Round "7"]
[White "Nagel, Gerhard"]
[Black "Gaier, Andreas"]
[Result "1/2-1/2"]
[WhiteElo "1940"]
[BlackElo "1496"]
[PlyCount "26"]
[EventDate "2011.02.18"]
[EventType "swiss"]
[EventRounds "7"]
[EventCountry "GER"]
[SourceTitle "CBM 141 Extra"]
[Source "ChessBase"]
[SourceDate "2011.05.03"]
[SourceVersion "1"]
[SourceVersionDate "2011.05.03"]
[SourceQuality "1"]

1. e4 d6 2. d4 Nf6 3. Nc3 c6 4. Be3 g6 5. Qd2 Bg7 6. f3 0-0 7. 0-0-0 Qc7 8. g4 Nbd7 9. h4 b5 10. h5 b4 11. Na4 Qa5 12. b3 Nb6 13. Nb2 Qxa2 1/2-1/2

[Event "Berlin Lichtenberger op 9th"]
[Site "Berlin"]
[Date "2010.08.09"]
[Round "3"]
[White "Syre, Christian"]
[Black "Nagel, Gerhard"]
[Result "1-0"]
[WhiteElo "2282"]
[BlackElo "1975"]
[PlyCount "71"]
[EventDate "2010.08.07"]
[EventType "swiss"]
[EventRounds "9"]
[EventCountry "GER"]
[SourceTitle "CBM 137 Extra"]
[Source "ChessBase"]
[SourceDate "2010.09.01"]
[SourceVersion "1"]
[SourceVersionDate "2010.09.01"]
[SourceQuality "1"]

1. d4 d5 2. c4 c6 3. cxd5 cxd5 4. Nc3 Nf6 5. Bf4 e6 6. e3 Bd6 7. Bxd6 Qxd6 8. Bd3 0-0 9. f4 Nfd7 10. Nf3 f5 11. 0-0 a6 12. Kh1 Nf6 13. Ne5 Bd7 14. g4 fxg4 15. Nxg4 Be8 16. Rg1 Kh8 17. Qc2 Nbd7 18. Rg3 Nxg4 19. Rxg4 Nf6 20. Rh4 h6 21. Rg1 Rc8 22. Qg2 Rc7 23. Nd1 Ne4 24. Bxe4 dxe4 25. Nf2 Bc6 26. Ng4 Qd8 27. Qh3 Rxf4 28. Rxh6+ gxh6 29. Qxh6+ Rh7 30. Qxf4 Rg7 31. Rg3 Qh4 32. Qe5 Bd5 33. Nf2 Qe7 34. Qb8+ Kh7 35. Rh3+ Kg6 36. Qf4 1-0

[Event "Berlin Lichtenberger op 8th"]
[Site "Berlin"]
[Date "2009.08.21"]
[Round "7"]
[White "Nagel, Gerhard"]
[Black "Guelke, Volker"]
[Result "1/2-1/2"]
[WhiteElo "1950"]
[BlackElo "2168"]
[PlyCount "40"]
[EventDate "2009.08.15"]
[EventType "swiss"]
[EventRounds "9"]
[EventCountry "GER"]
[SourceTitle "CBM 131 Extra"]
[Source "ChessBase"]
[SourceDate "2009.09.03"]
[SourceVersion "2"]
[SourceVersionDate "2009.09.16"]
[SourceQuality "1"]

1. e4 Nf6 2. Nc3 d5 3. exd5 Nxd5 4. Bc4 Nb6 5. Bb3 Nc6 6. Nf3 Bf5 7. a3 e6 8. d3 Be7 9. 0-0 0-0 10. Ne4 Nd5 11. c3 Nf6 12. Qe2 a5 13. Bc2 Re8 14. d4 Nxe4 15. Bxe4 Bxe4 16. Qxe4 Qd5 17. Qxd5 exd5 18. Bf4 Bd8 19. Rfe1 Kf8 20. Ne5 Nxe5 1/2-1/2

[Event "Berlin Lichtenberger op 8th"]
[Site "Berlin"]
[Date "2009.08.20"]
[Round "6"]
[White "Metin, Altug"]
[Black "Nagel, Gerhard"]
[Result "0-1"]
[WhiteElo "1600"]
[BlackElo "1950"]
[PlyCount "82"]
[EventDate "2009.08.15"]
[EventType "swiss"]
[EventRounds "9"]
[EventCountry "GER"]
[SourceTitle "CBM 131 Extra"]
[Source "ChessBase"]
[SourceDate "2009.09.03"]
[SourceVersion "2"]
[SourceVersionDate "2009.09.16"]
[SourceQuality "1"]

1. e4 e5 2. Nf3 Nc6 3. Bb5 Bc5 4. Nxe5 Nxe5 5. d4 Bd6 6. dxe5 Bxe5 7. f4 Bf6 8. Nc3 c6 9. Be2 Qb6 10. e5 Bh4+ 11. g3 Be7 12. Qd3 Bb4 13. a3 Bxc3+ 14. Qxc3 Ne7 15. e6 0-0 16. exf7+ Rxf7 17. Be3 Nd5 18. Bxb6 Nxc3 19. Bd4 Nxe2 20. Kxe2 d5 21. Rae1 Bf5 22. Kd2 Be4 23. Rhf1 b6 24. c4 c5 25. cxd5 Bxd5 26. Bc3 Bc4 27. Rf3 Rd8+ 28. Kc2 Rfd7 29. Rfe3 Kf7 30. h4 Bd3+ 31. Kb3 Bf5 32. Kc4 h5 33. Kb3 g6 34. Kc4 Rc8 35. Re5 Rc6 36. R5e3 a6 37. Kb3 Rcd6 38. Kc4 Be6+ 39. Rxe6 Rxe6 40. Rxe6 Kxe6 41. Be1 Rd1 0-1

[Event "Berlin Lichtenberger op 8th"]
[Site "Berlin"]
[Date "2009.08.19"]
[Round "5"]
[White "Nagel, Gerhard"]
[Black "Wendland, Frank"]
[Result "0-1"]
[WhiteElo "1950"]
[BlackElo "1756"]
[PlyCount "104"]
[EventDate "2009.08.15"]
[EventType "swiss"]
[EventRounds "9"]
[EventCountry "GER"]
[SourceTitle "CBM 131 Extra"]
[Source "ChessBase"]
[SourceDate "2009.09.03"]
[SourceVersion "2"]
[SourceVersionDate "2009.09.16"]
[SourceQuality "1"]

1. e4 e5 2. Nc3 Nf6 3. Bc4 Nxe4 4. Bxf7+ Kxf7 5. Nxe4 d5 6. Nc3 Nc6 7. Qf3+ Ke8 8. Qxd5 Qf6 9. Nb5 Bd6 10. Nxd6+ cxd6 11. c3 Rf8 12. Qf3 Qh4 13. Qg3 Qe4+ 14. Ne2 Bf5 15. f3 Qd3 16. Qf2 Na5 17. b3 Rc8 18. 0-0 Qa6 19. Qe3 Nxb3 20. Bb2 Nxa1 21. Bxa1 Qb6 22. d4 Kd7 23. Qg5 g6 24. Kh1 Bd3 25. Qd2 Bxe2 26. Qxe2 exd4 27. cxd4 Rfe8 28. Qd2 Qb5 29. Rg1 Re2 30. Qh6 Re7 31. h3 Rc2 32. Qf8 Qc6 33. Qf4 Rxa2 34. Rc1 Rc2 35. Rd1 Rce2 36. d5 Qc2 37. Qg4+ Kd8 38. Rg1 Re1 39. Bf6 Rxg1+ 40. Kxg1 Qd1+ 41. Kh2 Qxd5 42. Qa4 a6 43. g4 g5 44. Kg3 h6 45. h4 gxh4+ 46. Bxh4 Qe5+ 47. Kg2 Qe2+ 48. Kg3 Qb5 49. Qc2 Qe5+ 50. f4 Qe3+ 51. Kg2 Qxf4 52. Qg6 Kd7 0-1

[Event "Leutersdorf Sparkasse op 13th"]
[Site "Leutersdorf"]
[Date "2009.02.14"]
[Round "5"]
[White "Nagel, Gerhard"]
[Black "Rieger, Frank"]
[Result "1/2-1/2"]
[WhiteElo "1954"]
[BlackElo "1564"]
[PlyCount "117"]
[EventDate "2009.02.13"]
[EventType "swiss"]
[EventRounds "7"]
[EventCountry "GER"]
[SourceTitle "CBM 128 Extra"]
[Source "ChessBase"]
[SourceDate "2009.03.05"]
[SourceVersion "2"]
[SourceVersionDate "2009.03.25"]
[SourceQuality "1"]

1. e4 e5 2. Nc3 Nf6 3. f4 exf4 4. e5 Ng8 5. Nf3 g5 6. Bc4 Bg7 7. d4 h6 8. 0-0 Ne7 9. Ne4 Ng6 10. c3 0-0 11. Qc2 Nc6 12. b4 b6 13. Nexg5 Nce7 14. Ne4 d5 15. exd6 cxd6 16. Nf2 d5 17. Bd3 Be6 18. Re1 Qd7 19. a4 a6 20. Ba3 Rfc8 21. Bc1 Bf5 22. Bd2 Bxd3 23. Qxd3 Qf5 24. Re2 Qxd3 25. Nxd3 f6 26. Nxf4 Nxf4 27. Bxf4 Ng6 28. Bd2 Kf7 29. Rae1 Re8 30. Kf2 h5 31. g3 b5 32. Rxe8 Rxe8 33. Rxe8 Kxe8 34. axb5 axb5 35. Ne1 Kd7 36. Nc2 Bf8 37. Ne3 Ke6 38. Ng2 Bd6 39. Kf3 Kf5 40. h3 Ke6 41. Ne3 Bc7 42. Nc2 Kd7 43. Bf4 Bxf4 44. gxf4 f5 45. Ne1 Ne7 46. Kg3 Ng6 47. Nf3 Ke6 48. h4 Kf6 49. Ne5 Ne7 50. Kf3 Ke6 51. Ke3 Nc8 52. Nc6 Nd6 53. Kd3 Ne4 54. Na7 Nd6 55. Nxb5 Nxb5 56. c4 Nd6 57. Kc3 Nxc4 58. b5 Kd6 59. Kb4 1/2-1/2

[Event "Leipzig VfB op 15th"]
[Site "Leipzig"]
[Date "2008.03.02"]
[Round "9"]
[White "Nagel, Gerhard"]
[Black "Kreyssig, Robert"]
[Result "1-0"]
[WhiteElo "1978"]
[BlackElo "1769"]
[PlyCount "61"]
[EventDate "2008.02.26"]
[EventType "swiss"]
[EventRounds "9"]
[EventCountry "GER"]
[SourceTitle "CBM 123 Extra"]
[Source "ChessBase"]
[SourceDate "2008.05.06"]
[SourceVersion "1"]
[SourceVersionDate "2008.05.06"]
[SourceQuality "1"]

1. e4 c6 2. d4 d5 3. e5 Bf5 4. Nd2 e6 5. Nb3 a5 6. a4 Nd7 7. Nf3 Ne7 8. Bd2 b6 9. Be2 h6 10. 0-0 Bh7 11. Rc1 c5 12. dxc5 bxc5 13. Bb5 c4 14. Nc5 Ra7 15. Qe1 Qb6 16. Nxd7 Rxd7 17. Bxa5 Qb7 18. Nd4 g5 19. Qd2 Bg7 20. Bxd7+ Kxd7 21. f4 Qa7 22. Kh1 gxf4 23. Nb5 Qa8 24. Rxf4 Bg6 25. Rxc4 Nc6 26. Bc3 Ke7 27. Rh4 Nxe5 28. Qe3 Bf6 29. Qc5+ Kd8 30. Qc7+ Ke8 31. Bxe5 1-0

[Event "Leipzig VfB op 15th"]
[Site "Leipzig"]
[Date "2008.02.28"]
[Round "3"]
[White "Nagel, Gerhard"]
[Black "Pinger, Lutz"]
[Result "1/2-1/2"]
[WhiteElo "1978"]
[BlackElo "1670"]
[PlyCount "124"]
[EventDate "2008.02.26"]
[EventType "swiss"]
[EventRounds "9"]
[EventCountry "GER"]
[SourceTitle "CBM 123 Extra"]
[Source "ChessBase"]
[SourceDate "2008.05.06"]
[SourceVersion "1"]
[SourceVersionDate "2008.05.06"]
[SourceQuality "1"]

1. e4 e6 2. d4 d5 3. e5 c5 4. c3 Nc6 5. Nf3 Qb6 6. Be2 Bd7 7. 0-0 Nge7 8. Na3 Nf5 9. Nc2 Be7 10. g4 Nh4 11. Nxh4 Bxh4 12. dxc5 Qxc5 13. Be3 Qe7 14. f4 h6 15. b4 a6 16. Bc5 Qd8 17. c4 Be7 18. cxd5 Bxc5+ 19. bxc5 exd5 20. Qxd5 Qc8 21. Ne3 0-0 22. Qe4 Ne7 23. Bd3 Ng6 24. Qb4 Bxg4 25. Nd5 Qd8 26. Be4 Be6 27. Nb6 a5 28. Qc3 Rb8 29. f5 Qh4 30. Rae1 Nf4 31. fxe6 fxe6 32. Bg2 Rbd8 33. Qg3 Nxg2 34. Rxf8+ Rxf8 35. Kxg2 Qd4 36. Qe3 Qa4 37. Kh1 Rf3 38. Qe2 Qf4 39. Qg2 Rf2 40. Qh3 Qd2 41. Rf1 Rxf1+ 42. Qxf1 Qe3 43. h3 Qxe5 44. Qf2 Qe4+ 45. Kg1 Qg6+ 46. Kh2 Qe4 47. Nd7 Kh7 48. h4 e5 49. Nf8+ Kg8 50. Ne6 Qg4 51. Nc7 Qd7 52. Na8 e4 53. Nb6 Qe6 54. Kg3 e3 55. Qe2 Qe5+ 56. Kf3 Qxc5 57. Qxe3 Qf5+ 58. Kg3 Qg6+ 59. Kf3 Qf6+ 60. Kg3 Qg6+ 61. Kh3 Qf5+ 62. Kg3 Qg6+ 1/2-1/2

[Event "Leipzig VfB op 15th"]
[Site "Leipzig"]
[Date "2008.02.28"]
[Round "4"]
[White "Ott, Herbert"]
[Black "Nagel, Gerhard"]
[Result "0-1"]
[WhiteElo "1617"]
[BlackElo "1978"]
[PlyCount "84"]
[EventDate "2008.02.26"]
[EventType "swiss"]
[EventRounds "9"]
[EventCountry "GER"]
[SourceTitle "CBM 123 Extra"]
[Source "ChessBase"]
[SourceDate "2008.05.06"]
[SourceVersion "1"]
[SourceVersionDate "2008.05.06"]
[SourceQuality "1"]

1. e4 e5 2. Nf3 Nc6 3. d4 exd4 4. Nxd4 Bc5 5. Nxc6 Qf6 6. Qf3 Qxf3 7. gxf3 dxc6 8. Bf4 Bd6 9. Bg3 Be6 10. Nd2 0-0-0 11. a3 f6 12. 0-0-0 g5 13. h4 h5 14. Bc4 Bxc4 15. Nxc4 Bxg3 16. Rxd8+ Kxd8 17. fxg3 Ne7 18. hxg5 fxg5 19. Ne5 Ke8 20. Ng4 Kf7 21. Ne5+ Ke6 22. f4 h4 23. Nf3 gxf4 24. gxf4 Kf6 25. Rxh4 Rg8 26. Ng5 Ng6 27. Rh6 Re8 28. e5+ Kf5 29. Rxg6 Kxg6 30. Kd2 Kf5 31. Ke3 Re7 32. Ne4 Rh7 33. Ng5 Rh1 34. Nf3 Rh3 35. b4 b5 36. Kf2 Kxf4 37. Nd4 Kxe5 38. Nxc6+ Kd5 39. Nxa7 c6 40. Nc8 Rxa3 41. Nb6+ Kd4 42. Ke2 Kc3 0-1

[Event "Leipzig VfB op 15th"]
[Site "Leipzig"]
[Date "2008.02.26"]
[Round "1"]
[White "Nagel, Gerhard"]
[Black "Kuersten, Susanne"]
[Result "1/2-1/2"]
[WhiteElo "1978"]
[BlackElo "1446"]
[PlyCount "45"]
[EventDate "2008.02.26"]
[EventType "swiss"]
[EventRounds "9"]
[EventCountry "GER"]
[SourceTitle "CBM 123 Extra"]
[Source "ChessBase"]
[SourceDate "2008.05.06"]
[SourceVersion "1"]
[SourceVersionDate "2008.05.06"]
[SourceQuality "1"]

1. e4 e5 2. Nc3 Nc6 3. Bc4 Bc5 4. Qg4 Qf6 5. Nd5 Qxf2+ 6. Kd1 Kf8 7. Nh3 Qd4 8. d3 Be7 9. Nxc7 Rb8 10. Qf3 Nf6 11. Ng5 d5 12. exd5 Bg4 13. Nge6+ fxe6 14. Nxe6+ Bxe6 15. dxe6 Ke8 16. h3 a6 17. Bxa6 Qb6 18. Bc4 Rf8 19. a3 Ra8 20. Qe2 Bc5 21. c3 Ke7 22. b4 Bd6 23. Be3 1/2-1/2

[Event "Berlin Unicorn op"]
[Site "Berlin"]
[Date "2007.05.18"]
[Round "4"]
[White "Peschke, Uwe"]
[Black "Nagel, Gerhard"]
[Result "1-0"]
[WhiteElo "2173"]
[BlackElo "1980"]
[PlyCount "38"]
[EventDate "2007.05.16"]
[EventType "swiss"]
[EventRounds "7"]
[EventCountry "GER"]
[SourceTitle "CBM 118 Extra"]
[Source "ChessBase"]
[SourceDate "2007.07.04"]
[SourceVersion "1"]
[SourceVersionDate "2007.07.04"]
[SourceQuality "1"]

1. Nf3 d5 2. g3 Nf6 3. Bg2 g6 4. d4 Bg7 5. c4 dxc4 6. Na3 e6 7. 0-0 c6 8. Nxc4 0-0 9. b3 b5 10. Nce5 Bb7 11. Ba3 Nd5 12. Bxf8 Bxf8 13. e4 Nc3 14. Qc2 b4 15. a3 a5 16. axb4 Bxb4 17. Nd3 Ba6 18. Nxb4 axb4 19. Rfe1 Nd7 1-0

[Event "Leutersdorf Sparkasse op 11th"]
[Site "Leutersdorf"]
[Date "2007.02.18"]
[Round "5"]
[White "Haeusler, Felix"]
[Black "Nagel, Gerhard"]
[Result "0-1"]
[WhiteElo "2026"]
[BlackElo "1994"]
[PlyCount "62"]
[EventDate "2007.02.16"]
[EventType "swiss"]
[EventRounds "7"]
[EventCountry "GER"]
[SourceTitle "CBM 117 Extra"]
[Source "ChessBase"]
[SourceDate "2007.05.09"]
[SourceVersion "1"]
[SourceVersionDate "2007.05.09"]
[SourceQuality "1"]

1. e4 e5 2. Nf3 Nc6 3. d4 exd4 4. Nxd4 Bc5 5. Be3 Qf6 6. c3 Nge7 7. Bc4 0-0 8. 0-0 a6 9. f4 d6 10. Nc2 Bxe3+ 11. Nxe3 b5 12. Bd3 Kh8 13. a4 b4 14. Qc2 a5 15. Nd2 Rb8 16. Rae1 Bd7 17. Kh1 Qh6 18. Nd5 Rb7 19. Nc4 Ng6 20. e5 dxe5 21. Nxe5 Ncxe5 22. fxe5 Be6 23. Bxg6 Bxd5 24. Be4 Bxe4 25. Qxe4 Rb6 26. e6 f6 27. e7 Re8 28. Qa8 Qg6 29. Rd1 Rxa8 30. Rd8+ Qe8 31. Rfd1 Rbb8 0-1

[Event "Leutersdorf Sparkasse op 11th"]
[Site "Leutersdorf"]
[Date "2007.02.16"]
[Round "1"]
[White "Schiessl, Hanns"]
[Black "Nagel, Gerhard"]
[Result "0-1"]
[WhiteElo "1417"]
[BlackElo "1994"]
[PlyCount "92"]
[EventDate "2007.02.16"]
[EventType "swiss"]
[EventRounds "7"]
[EventCountry "GER"]
[SourceTitle "CBM 117 Extra"]
[Source "ChessBase"]
[SourceDate "2007.05.09"]
[SourceVersion "1"]
[SourceVersionDate "2007.05.09"]
[SourceQuality "1"]

1. e4 e5 2. Nf3 Nc6 3. Bb5 Bc5 4. Bxc6 dxc6 5. 0-0 f6 6. c3 Bg4 7. d4 exd4 8. cxd4 Bb6 9. Qd3 Ne7 10. Na3 0-0 11. Nc4 Bxf3 12. Nxb6 axb6 13. Qxf3 Qxd4 14. Rd1 Qe5 15. Bf4 Qe6 16. Bxc7 Rxa2 17. Bxb6 Rxb2 18. Rab1 Rxb1 19. Rxb1 Re8 20. Qd3 Ng6 21. f3 Ne5 22. Qd4 h6 23. Bc7 b5 24. f4 Nc4 25. Re1 Qe7 26. Bb6 Qe6 27. Bc5 Rc8 28. Kf2 Kh7 29. f5 Qe5 30. Qxe5 Nxe5 31. Rd1 Ra8 32. Kg3 Ra4 33. Kf4 Rc4 34. Bd6 Nf7 35. Bc7 Ng5 36. Re1 b4 37. h4 Nf7 38. Ke3 c5 39. Kd3 Rc3+ 40. Kd2 c4 41. Rc1 Rxc1 42. Kxc1 Ne5 43. Kd2 h5 44. Ke3 b3 45. Kd2 Kg8 46. Kc3 Kf7 0-1

[Event "Berlin Lichtenberger op 6th"]
[Site "Berlin"]
[Date "2007.??.??"]
[Round "?"]
[White "Nagel, Gerhard"]
[Black "Alvarez, Luis"]
[Result "1/2-1/2"]
[WhiteElo "1992"]
[BlackElo "1848"]
[PlyCount "119"]
[EventDate "2007.08.18"]
[EventType "swiss"]
[EventRounds "9"]
[EventCountry "GER"]
[SourceTitle "CBM 120 Extra"]
[Source "ChessBase"]
[SourceDate "2007.11.01"]
[SourceVersion "1"]
[SourceVersionDate "2007.11.01"]
[SourceQuality "1"]

1. e4 d5 2. exd5 Qxd5 3. Nc3 Qa5 4. d4 c6 5. Nf3 Nf6 6. Bd2 Qc7 7. Bd3 Bg4 8. Qe2 Nbd7 9. Ne4 e6 10. c3 Nxe4 11. Bxe4 Bd6 12. h3 Bh5 13. Qd3 Nf6 14. c4 Nxe4 15. Qxe4 Bg6 16. Qe3 h6 17. c5 Be7 18. Ne5 Bh7 19. 0-0 0-0 20. Qg3 Bg5 21. f4 Bf6 22. Be3 Qe7 23. Bf2 Rad8 24. Rad1 Be4 25. Rfe1 Bd5 26. a3 h5 27. f5 Bxe5 28. Rxe5 f6 29. Re3 Qf7 30. fxe6 Bxe6 31. Rde1 Rde8 32. Qd6 Bd5 33. Re7 Rxe7 34. Rxe7 Qg6 35. Qg3 Qxg3 36. Bxg3 Rf7 37. Re8+ Rf8 38. Re3 Kf7 39. Kf2 Re8 40. Rxe8 Kxe8 41. Bb8 a6 42. h4 Ke7 43. Bd6+ Ke6 44. g3 Kf5 45. Ke3 Kg4 46. Kf2 g5 47. hxg5 fxg5 48. Be7 h4 49. gxh4 gxh4 50. Bd6 h3 51. Ke3 Kf5 52. a4 Ke6 53. a5 Bg2 54. Kf2 Kd5 55. Be5 Kc4 56. Kg3 Kb3 57. Kh2 Ka4 58. Bc7 Kb4 59. Kg3 Kc4 60. Be5 1/2-1/2

[Event "Berlin Lichtenberger op 6th"]
[Site "Berlin"]
[Date "2007.??.??"]
[Round "?"]
[White "Nagel, Gerhard"]
[Black "Syperek, Sebastian"]
[Result "1/2-1/2"]
[WhiteElo "1992"]
[BlackElo "2243"]
[PlyCount "34"]
[EventDate "2007.08.18"]
[EventType "swiss"]
[EventRounds "9"]
[EventCountry "GER"]
[SourceTitle "CBM 120 Extra"]
[Source "ChessBase"]
[SourceDate "2007.11.01"]
[SourceVersion "1"]
[SourceVersionDate "2007.11.01"]
[SourceQuality "1"]

1. e4 e6 2. d4 d5 3. e5 c5 4. c3 Nc6 5. Nf3 Qb6 6. Be2 cxd4 7. cxd4 Bb4+ 8. Kf1 Bd7 9. g3 a6 10. Nc3 Bxc3 11. bxc3 Na5 12. Ba3 Bb5 13. Kg2 Bxe2 14. Qxe2 Nc4 15. Bb4 Qc6 16. Nd2 a5 17. Nxc4 dxc4+ 1/2-1/2

[Event "Gotha op 8th"]
[Site "Gotha"]
[Date "2006.11.14"]
[Round "3"]
[White "Dorawa, Bernhard"]
[Black "Nagel, Gerhard"]
[Result "0-1"]
[WhiteElo "2096"]
[BlackElo "1967"]
[PlyCount "126"]
[EventDate "2006.11.13"]
[EventType "swiss"]
[EventRounds "9"]
[EventCountry "GER"]
[SourceTitle "EXT 2008"]
[Source "ChessBase"]
[SourceDate "2007.11.25"]
[SourceVersion "1"]
[SourceVersionDate "2007.11.25"]
[SourceQuality "1"]

1. e4 e5 2. Nf3 Nc6 3. Bb5 Bc5 4. c3 Nge7 5. d4 exd4 6. cxd4 Bb4+ 7. Nc3 d5 8. e5 Bg4 9. Be3 0-0 10. a3 Ba5 11. 0-0 Bb6 12. Be2 a6 13. h3 Bh5 14. b4 Nf5 15. Qb3 Bxf3 16. Bxf3 Ncxd4 17. Bxd4 Bxd4 18. Rad1 c6 19. Bg4 Bxc3 20. Qxc3 Nh6 21. Be2 Qb6 22. Kh1 Rae8 23. Bd3 d4 24. Qc2 Rxe5 25. Bxh7+ Kh8 26. Bd3 Rfe8 27. f4 Re3 28. Qc4 Qd8 29. Bb1 Rxa3 30. Rxd4 Qf6 31. f5 Rae3 32. Rd7 b5 33. Qa2 Re1 34. Qf2 Rxf1+ 35. Qxf1 Qe5 36. Rd1 Qc3 37. Rc1 Qxb4 38. f6 Re6 39. fxg7+ Kxg7 40. Qd3 Re1+ 41. Rxe1 Qxe1+ 42. Kh2 Qe5+ 43. Kg1 Qf6 44. Qg3+ Kf8 45. Qb8+ Ke7 46. Qc7+ Kf8 47. Qb8+ Kg7 48. Qg3+ Kh8 49. Qd3 Qg7 50. Qd8+ Ng8 51. Qh4+ Qh6 52. Qd4+ Qf6 53. Qe4 Qh6 54. Qd4+ Nf6 55. Qc3 Kg7 56. Qxc6 Qe3+ 57. Kf1 Qe6 58. Qf3 Nd5 59. Be4 Ne7 60. Kg1 Ng6 61. Qc3+ Qe5 62. Qd3 Nf4 63. Qc2 a5 0-1

[Event "Gotha op 8th"]
[Site "Gotha"]
[Date "2006.11.13"]
[Round "2"]
[White "Nagel, Gerhard"]
[Black "Kaschuba, Juergen"]
[Result "1-0"]
[WhiteElo "1967"]
[BlackElo "1775"]
[PlyCount "105"]
[EventDate "2006.11.13"]
[EventType "swiss"]
[EventRounds "9"]
[EventCountry "GER"]
[SourceTitle "EXT 2008"]
[Source "ChessBase"]
[SourceDate "2007.11.25"]
[SourceVersion "1"]
[SourceVersionDate "2007.11.25"]
[SourceQuality "1"]

1. e4 e6 2. d4 d5 3. e5 c5 4. c3 Nc6 5. Nf3 Qb6 6. Be2 cxd4 7. cxd4 Bb4+ 8. Kf1 Bd7 9. g3 Na5 10. a3 Be7 11. b4 Nc4 12. Nbd2 Bb5 13. Kg2 Rc8 14. Nxc4 Bxc4 15. Qa4+ Kf8 16. Bxc4 Rxc4 17. Be3 h5 18. Rhc1 g5 19. Rxc4 dxc4 20. d5 Qa6 21. Qxa6 bxa6 22. d6 Bd8 23. Bxa7 f6 24. Rc1 Rh7 25. Bc5 Ke8 26. Rxc4 g4 27. Nd4 Kd7 28. exf6 e5 29. Nf5 Ke6 30. Ne7 Nxf6 31. Nc8 Nd7 32. Be3 Rf7 33. a4 Kd5 34. Rc2 Nb8 35. b5 axb5 36. Rc5+ Ke6 37. Rxb5 Nc6 38. Bb6 Rb7 39. Bc7 Rxb5 40. axb5 Bxc7 41. dxc7 Kd7 42. Nb6+ Kxc7 43. Nd5+ Kd6 44. bxc6 Kxc6 45. Nf6 Kd6 46. Nxh5 Ke6 47. Ng7+ Kf6 48. Ne8+ Ke7 49. Nc7 Kd6 50. Nb5+ Kc5 51. Nc3 Kd4 52. Nd1 e4 53. Ne3 1-0

[Event "Berlin op 08"]
[Site "Berlin"]
[Date "2006.08.20"]
[Round "2"]
[White "Nagel, Gerhard"]
[Black "Schrodt, Horst"]
[Result "1-0"]
[WhiteElo "1728"]
[BlackElo "1574"]
[PlyCount "37"]
[EventDate "2006.08.19"]
[EventType "swiss"]
[EventRounds "9"]
[EventCountry "GER"]
[SourceTitle "EXT 2007"]
[Source "ChessBase"]
[SourceDate "2006.11.23"]
[SourceVersion "1"]
[SourceVersionDate "2006.11.23"]
[SourceQuality "1"]

1. e4 c6 2. d4 d5 3. exd5 cxd5 4. Bd3 Nf6 5. Nf3 Bg4 6. 0-0 e6 7. c3 Nbd7 8. Re1 Be7 9. Nbd2 a6 10. Nf1 b5 11. Ng3 Nh5 12. Nf1 Nhf6 13. h3 Bh5 14. Ng3 Bg6 15. Ne5 Bxd3 16. Qxd3 0-0 17. Nc6 Qe8 18. Nf5 Bd8 19. Nd6 1-0

[Event "Berlin Lichtenberger op 5th"]
[Site "Berlin"]
[Date "2006.08.19"]
[Round "1"]
[White "Rabiega, Robert"]
[Black "Nagel, Gerhard"]
[Result "1-0"]
[WhiteElo "2524"]
[BlackElo "1967"]
[PlyCount "45"]
[EventDate "2006.08.19"]
[EventType "swiss"]
[EventRounds "9"]
[EventCountry "GER"]
[SourceTitle "CBM 113 Extra"]
[Source "ChessBase"]
[SourceDate "2006.09.14"]
[SourceVersion "1"]
[SourceVersionDate "2006.09.14"]
[SourceQuality "1"]

1. e4 e5 2. Nf3 Nc6 3. Bc4 Nf6 4. d3 Bc5 5. c3 d6 6. 0-0 Bg4 7. Re1 0-0 8. h3 Bd7 9. Bb3 h6 10. Nbd2 Qc8 11. Nf1 Ne7 12. d4 exd4 13. cxd4 Bb4 14. Bd2 Bxd2 15. N3xd2 Ng6 16. Rc1 Nf4 17. Qf3 Ne6 18. Qc3 Ne8 19. Ne3 Qd8 20. Nf5 Qf6 21. Bc2 c5 22. e5 cxd4 23. Qd3 1-0

[Event "Leutersdorf Sparkasse op 10th"]
[Site "Leutersdorf"]
[Date "2006.02.19"]
[Round "6"]
[White "Kavalski, Petko"]
[Black "Nagel, Gerhard"]
[Result "0-1"]
[WhiteElo "1708"]
[BlackElo "1802"]
[PlyCount "98"]
[EventDate "2006.02.17"]
[EventType "swiss"]
[EventRounds "7"]
[EventCountry "GER"]
[SourceTitle "EXT 2007"]
[Source "ChessBase"]
[SourceDate "2006.11.23"]
[SourceVersion "1"]
[SourceVersionDate "2006.11.23"]
[SourceQuality "1"]

1. e4 e5 2. Nf3 Nc6 3. d4 exd4 4. Bc4 d6 5. Nxd4 Bd7 6. 0-0 g6 7. Be3 Bg7 8. Nc3 Nge7 9. Qd2 0-0 10. Nxc6 Nxc6 11. Bh6 Ne5 12. Bb3 Bxh6 13. Qxh6 Ng4 14. Qf4 Qf6 15. Qxf6 Nxf6 16. Rfe1 Bc6 17. Nd5 Bxd5 18. exd5 Rfe8 19. Kf1 Kg7 20. f3 a5 21. a4 Nd7 22. c4 Nc5 23. Bc2 Na6 24. Rad1 Nc5 25. Kf2 f6 26. f4 Kf7 27. Rxe8 Kxe8 28. h4 Ra6 29. Re1+ Kf7 30. Re3 Rb6 31. b3 f5 32. Ke2 Ra6 33. Kd2 Ra8 34. Kc3 Nd7 35. b4 b6 36. bxa5 bxa5 37. h5 Rb8 38. Rh3 Nf6 39. hxg6+ hxg6 40. Kd4 Rb2 41. Rc3 Nd7 42. g3 Nc5 43. Ke3 Ra2 44. Bd1 Nxa4 45. Bxa4 Rxa4 46. c5 Re4+ 47. Kf3 Rd4 48. cxd6 cxd6 49. Rc7+ Kf6 0-1